00637nam a2200169Ia 4500008004100000020001500041041000800056082001600064100002300080245015800103250000600261260003300267300001300300650002900313999001900342952010600361210716s2007 xx 000 0 und d a8126502800 aeng a004.06 GALW aGalitz, Wilbert O. aEssential guide to user interface design: an introduction to gui design principles and techniques.bIntroduction to gui design principles and techniques. a2 aNew DelhibWiley Indiac2007 axxiv,760 aWeb Design & Development c188021d188021 001040708MCAaAIMITbAIMITeDonatedl0o004.06 GALWpMCA07529r2025-07-21 00:00:00w2021-07-16yBK